000 00215 a2200097 4500
001 23417
100 _aBarnes, L
245 _aTransistors for Technical colleges
260 _a
_biliffe
_c1965
090 _c15811
_d15811
942 _aNUST-CAE
_cM
_c6460
999 _c258490
_d258490